| 000 | 00518nam a22002057a 4500 | ||
|---|---|---|---|
| 003 | OSt | ||
| 005 | 20140310184304.0 | ||
| 008 | 121112t xxu||||| |||| 00| 0 eng d | ||
| 020 | _a0590129309 | ||
| 050 |
_aPZ 7 _b.L745 1971 |
||
| 100 |
_aLindgren, Astrid _923082 |
||
| 245 |
_aPippi on the Run / _cAstrid Lindgren. |
||
| 260 |
_aNew York : _bScholastic Inc., _c1971. |
||
| 300 |
_a63 p. : _bill. ; _c20 cm. |
||
| 521 | _aG3 | ||
| 526 | _c530 | ||
| 942 |
_2lcc _cBK-SCHOLAS |
||
| 999 |
_c33473 _d33473 |
||